000 00260nam a22001217a 4500
008 170817b xxu||||| |||| 00| 0 eng d
041 _aeng
080 _a51
100 _a36
101 _aMAT
245 _aBASIC COLLEGE MATHEMATICS
_cAKST,G
942 _2udc
_cBK
999 _c23881
_d23881